| 000 | 00652nam a2200217Ia 4500 | ||
|---|---|---|---|
| 003 | IN-BaIIA | ||
| 008 | 211028s9999 xx 000 0 eng d | ||
| 020 | _a0-12-029307-2 | ||
| 040 | _cIIA Library | ||
| 080 |
_a047.1:539.1 _bADV-7 |
||
| 245 | 0 |
_aAdvances in nuclear science and technology _bvol. 7 _cedited by Ernest Henley J and Jeffery Lewins |
|
| 260 |
_aNew York _bAcademic Press _c1973 |
||
| 300 | _axiv, 379p. | ||
| 650 | _aHigh energy interactions | ||
| 650 | _aNASA Thesaurus | ||
| 650 |
_aNuclear physics _91527 |
||
| 650 | _aNuclear research | ||
| 700 | _aHenley, Ernest J., ed. | ||
| 700 |
_aLewins, Jeffery., ed. _97219 |
||
| 942 | _cBK | ||
| 999 |
_c4368 _d4368 |
||